000 00538nam a2200169Ia 4500
003 LK-CoDNM
008 010623t2005 xxu||||| |||| 00| 1 sin d
040 _aLK-CoDNM
_dLK-CoDNM
_eLK-CoDNM
041 _asin
080 _aX 398 146509
100 _aJayasingha,Vijaya Sri
245 _aහෙළ බිම පුද ලබන දෙවිවරු සහ දේව පූජා විධි
246 _aHela Bima Puda Labana Deviwaru saha Dewa Puja Vidi
260 _bWasana
_aDankotuwa
_c2005
300 _b112p, 21 cm
942 _cBK
999 _c125335
_d125335